000 00454nam a2200157Ia 4500
999 _c37589
_d37589
003 OSt
005 20200702122526.0
008 190216s9999||||xx |||||||||||||| ||und||
040 _coclc
082 _a910
_bNAI/K
100 _aNair, S Ayyappan
_93457
245 0 _aKeralabhoovijnaneeyam /
_cS Ayyappan Nair
260 _bKerala Basha Institute,
_c1974.
_aTrivandrum:
300 _a128p
942 _cBK
_2ddc
_h910
_iNAI/K
_k910
_mNAI/K